Bratia Oprendekovci a ich slovenský Cider
Rodinná značka Opre' Cider, originálna receptúra, originálne balenie. Prírodný osviežujúci alkoholický nápoj, vyrába sa podobne ako víno, ibaže na výrobu cideru sa používa jablková šťava.
Guardado en:
| Formato: | Capítulo de libro |
|---|---|
| Lenguaje: | eslovaco |
| Materias: | |
| Etiquetas: |
Sin Etiquetas, Sea el primero en etiquetar este registro!
|
MARC
| LEADER | 00000naa a2200000 4500 | ||
|---|---|---|---|
| 001 | 0199195 | ||
| 005 | 20231109071116.9 | ||
| 041 | 0 | |a slo | |
| 044 | |a SK | ||
| 245 | 1 | 0 | |a Bratia Oprendekovci a ich slovenský Cider |
| 520 | |a Rodinná značka Opre' Cider, originálna receptúra, originálne balenie. Prírodný osviežujúci alkoholický nápoj, vyrába sa podobne ako víno, ibaže na výrobu cideru sa používa jablková šťava. | ||
| 610 | 2 | 0 | |a nápoje alkoholické |
| 610 | 2 | 0 | |a značky výrobkov |
| 610 | 2 | 0 | |a Slovensko |